00616nam a22001575i 4500001000700000003000900007005001700016008004100033040002000074100003100094245009300125260008300218300002200301650003500323852010000358161433ES-MaACL20250907063122.0041021s1862 fr |||| | fre d aCAM bspa cCAM1 aParis, Gaston, d1839-190310aÉtude sur le rôle de l'accent latin dans la langue française / cpar Gaston Paris. aParis ; aLeipzig : bLibraire A. Franck, c1862 (fTypographie de A. Dupré) a132 p. ; c23 cm. 4aLengua francesa-xGramática. aES-MaACLjT-375-F-2 z-- Enc. hol. q-- Falto de la cub. original z-- Enc. en un vol. facticio